Os mendigos de milagres (Record no. 46293)
[ view plain ]
| 000 -Etiqueta do registo | |
|---|---|
| Valores | 00526cam a22001811 04500 |
| 100 ## - Dados gerais de processamento | |
| Dados gerais | 19590701d1959 k y0pory5003 ba |
| 101 1# - Língua de publicação | |
| Língua | por |
| 102 ## - País de publicação | |
| País | PT |
| 200 1# - Titulo e menção de responsabilidade | |
| Título próprio | Os mendigos de milagres |
| Informação de outro título | romance |
| Primeira menção de responsabilidade | Constantin Virgil Gheorghiu |
| Outras menções de responsabilidade | trad. de Virginia de Sousa |
| 210 #9 - Publicação | |
| Local de publicação | Lisboa |
| Nome do editor | Bertrand, |
| Data de publicação | [D.L. 1959] |
| 215 ## - Descrição física | |
| Paginação / Volumes | 237 p. |
| Dimensões | 19 cm |
| 675 ## - CDU | |
| Notação | 821.135.1-31"19" |
| Edição | BN |
| Língua | por |
| 700 #1 - Autor principal | |
| Apelido | Gheorghiu, |
| Nome | C. Virgil, |
| Datas | 1916-1992 |
| 702 #1 - Autor secundário | |
| Apelido | Sousa, |
| Nome | Virgínia de |
| Função | 730 |
| 801 #0 - Fonte de origem | |
| País | PT |
| Agência | BN |
| Regras de catalogação | RPC |
| 990 ## - Elementos KOHA | |
| Tipo de documento | Livro |
| Aquisição | Empréstimo | Código de barras | Cota | Permissão de empréstimo | Tipo de documento | Nota relativa ao exemplar |
|---|---|---|---|---|---|---|
| Biblioteca Municipal de Redondo | Biblioteca Municipal de Redondo | 057407 | 821.135.1-3 GHE | Livro | oferta de Franklim Amaro Cabreirinha |